| 000 | 00809nam a2200193 a 4500 | ||
|---|---|---|---|
| 008 | 111021s2006 ||||||||||||||||| || u | ||
| 020 | _a1581101945 | ||
| 050 | _aRJ 27 Ame | ||
| 110 | _aAmerican Academy of Pediatrics | ||
| 245 | 1 | 0 |
_aRed book: 2006 report of the committee on infectious diseases. (27th ed.) _cby the American Academy of Pediatrics |
| 250 | _a27th ed. | ||
| 260 |
_aAmerica: _bAmerican Academy of pediatrics _c2006 |
||
| 300 | _axxxiv, 992p. : ill. | ||
| 350 | _a0.00 | ||
| 650 | _aPEDIATRIC CLINICS--REPORTS--ZAMBIA | ||
| 650 | _aINFECTIOUS DISEASES--CHILDREN--REPORT | ||
| 650 | _aPAEDIATRICS | ||
| 995 |
_aMEDICAL LIBRARY OPEN ACCESS _D0.00 _e901358 _FCBU-SCHOOL OF MEDICINE LIBRARY (Ndola) _H1 _I0.00 _jRJ 27 AME _M1 _UAVAILABLE _WOct 21, 2011 _y901358 _ZMedical Library Open Access Collection |
||
| 999 |
_c32585 _d32585 |
||